000 00538nam a2200205Ia 4500
008 180628s9999 xx 000 0 und d
020 _a978-0-87779-809-5
050 _aREF PE 1628
050 _b.M47 2014
245 0 _aMerriam-Webster's collegiate dictionary /
250 _a11th Edition.
260 _aMassachusetts :
260 _bMerriam-Webster,
260 _c2014
300 _a1623 pages :
300 _billustrations ;
300 _c25 cm.
500 _aIncludes index.
650 _aEnglish language -- Dictionaries.
999 _c358138
_d358138